Theory in practice : increasing professional effectiveness /

Guardado en:
Autor Principal: Argyris, Chris, 1923-
Otros Autores: Schön, Donald A.
Formato: Libro
Idioma:English
Publicado: San Francisco : Jossey-Bass Publishers, 1974.
Edición:1st ed.
Materias:
Etiquetas: Agregar Etiqueta
Sin Etiquetas, Sea el primero en etiquetar este registro!
LEADER 00841cam a22002535a 4500
001 EIQ.libpla001479
008 750108s1974####cau######b####001#0#eng#d
005 20061023184743.0
245 1 0 |a Theory in practice :  |b increasing professional effectiveness /  |c Chris Argyris, Donald A. Schön. 
250 |a 1st ed. 
260 |a San Francisco :  |b Jossey-Bass Publishers,  |c 1974. 
300 |a xiv, 224 p. ;  |c 24 cm. 
504 |a Bibliografía: p. 215-218. 
500 |a Incluye índice. 
020 |a 0875892302 
100 1 |a Argyris, Chris,  |d 1923- 
700 1 |a Schön, Donald A. 
043 |a n-us--- 
082 0 0 |a 378/.01/30973 
650 0 |a Educación profesional  |z Estados Unidos. 
650 0 |a Professional education  |z United States. 
010 |a  74003606  
040 |a DLC  |c DLC  |d AR-BbSID 
859 |a AR-BbSID  |b BIB. PLAPIQUI  |h 658.11  |i Ar 39  |p 2387